• 首页
  • 本馆介绍
  • 公告通知
  • 最新文献
  • 馆藏检索
  • 电子资源
  • 读者导购
  • 参考咨询
  • 我的图书馆
  • 登录
  • 详细信息显示
  • 放入我的书架
  • 预约/预借图书
  • 作者相关作品
  • 分类相关作品
  • 丛书相关作品
  • 出版社相关作品

书目信息

  • 表格格式
  • 工作单格式
  • 卡片格式
题名:
牡丹
    
 
作者: 高新越 著
分册:  
出版信息: 上海   上海交通大学出版社  2019.10
页数: 60页
开本: 28cm
丛书名: 水墨花卉技法名师课堂
单 册:
中图分类: J212.27
科图分类:
主题词: 牡丹--花卉画--水墨画--国画技法
电子资源:
ISBN: 978-7-313-21976-3
000 01110nam 2200265 45
001 012001000793
005 20130909153709.0
010    @a978-7-313-21976-3@dCNY29.80
099    @aCAL 012019171759
100    @a20191218d2019 ek y0chiy0110 ea
101 0  @achi
102    @aCN@b310000
105    @aa z 000yy
106    @ar
200 1  @a牡丹@AMu Dan@f高新越著
210    @a上海@c上海交通大学出版社@d2019.10
215    @a60页@c图 (部分彩图)@d28cm
225 2  @a水墨花卉技法名师课堂@Ashui mo hua hui ji fa ming shi ke tang
330    @a本书从作画准备开始讲解,如何选择绘画工具,如何用笔、用墨、调色,到写生观察的方式,各种技法、构图的介绍,从方法到立意,涵盖了作画的方方面面。书中还收录了大量范画作品,让读者不仅从细微处了解画面之美,更可以从完整大图感受画面意境。书中采用步骤图的形式,详细的介绍了牡丹的作画要点和构图布局,打破新手创作难的局面,让初学者也能轻松画出属于自己的完整作品。
461  0 @12001 @a水墨花卉技法名师课堂
606 0  @a牡丹@x花卉画@x水墨画@x国画技法
690    @aJ212.27@v5
701  0 @a高新越@AGao Xinyue@4著
801    @aCN@b江苏凤凰@c20211018
905    @b1341058-61@dJ212.27@e1240@f4
    
    牡丹/高新越著.-上海:上海交通大学出版社,2019.10
    60页:图 (部分彩图);28cm.-(水墨花卉技法名师课堂)
    
    
    ISBN 978-7-313-21976-3:CNY29.80
    本书从作画准备开始讲解,如何选择绘画工具,如何用笔、用墨、调色,到写生观察的方式,各种技法、构图的介绍,从方法到立意,涵盖了作画的方方面面。书中还收录了大量范画作品,让读者不仅从细微处了解画面之美,更可以从完整大图感受画面意境。书中采用步骤图的形式,详细的介绍了牡丹的作画要点和构图布局,打破新手创作难的局面,让初学者也能轻松画出属于自己的完整作品。
●
相关链接 在E读中查询图书 在五车中查询图书 在当当中查询图书 在豆瓣中查询图书


正题名:牡丹     索取号:J212.27/1240         预约/预借

序号 登录号 条形码 馆藏地/架位号 状态 备注
1 1341058   213410584   第一样本阅览室/ [索取号:J212.27/1240] 在馆    
2 1341059   213410593   第一借阅区/ [索取号:J212.27/1240] 在馆    
3 1341060   213410600   第一借阅区/ [索取号:J212.27/1240] 在馆    
4 1341061   213410619   第一借阅区/ [索取号:J212.27/1240] 在馆    
唐山师范学院图书馆 欢迎您!
大连网信软件有限公司© 版权所有